Statistics for 5 seconds of summer inside jokes

Click here to take the quiz!

General Stats

  • This quiz has been taken 204 times
  • The average score is 11 of 15

Answer Stats

HintAnswer% Correct
youre never gonna ...make it
92%
what do you call man with a rubber toe ...robberto
89%
its sounds a bit loud for ...an acoustic set calum
88%
cause we could fEEL something brokenmy heart
85%
tadpoles are ...baby turtles
81%
aLrIght ...los angeles
80%
the sensation the bondacios ...calum hood
74%
why cant we chOOse our emotionwhy cant we choose them
73%
its not going to say hello its acow luke
72%
its a chocolate milk ...party
68%
mate is it ...balsamic
59%
im bonzi and im fonzi and werethe bonzi fonzi brothers
59%
valentinevalntyne
55%
surfs up cal ....santa cruz
43%
twist mateim twistin bro
36%

Score Distribution

Percentile by Number Answered

Percent of People with Each Score

Your Score History

You have not taken this quiz